[Event "IRI-ch U12"]
[Site "Chess.com INT"]
[Date "2021.01.16"]
[Round "8"]
[White "Azimnejad, Kiyarash"]
[Black "Hamed Monfared, Ali"]
[Result "1-0"]
[WhiteElo "1414"]
[BlackElo "1158"]
[PlyCount "125"]
[EventDate "2021.01.16"]
[EventType "swiss"]
[EventRounds "11"]
[EventCountry "IRI"]
[SourceTitle "EXT 2022"]
[Source "ChessBase"]
[SourceDate "2021.10.06"]
[SourceVersion "1"]
[SourceVersionDate "2021.10.06"]
[SourceQuality "1"]

1. d4 Nf6 2. Bf4 g6 3. e3 Bg7 4. h4 h5 5. Be2 d6 6. c4 Nbd7 7. Nc3 0-0 8. g4 e5 9. dxe5 dxe5 10. Bg5 hxg4 11. Bxg4 Nc5 12. Nd5 c6 13. Nxf6+ Bxf6 14. Qxd8 Bxd8 15. Bxc8 Rxc8 16. Nf3 Nd3+ 17. Ke2 e4 18. Nd2 Re8 19. Nxe4 Rxe4 20. Kxd3 Re5 21. f4 Re8 22. Rad1 f6 23. Bh6 Bb6 24. f5 Rcd8+ 25. Ke2 gxf5 26. Bf4 Bd4 27. Kf3 Be5 28. Rhg1+ Kh7 29. Rgf1 b6 30. b3 Kg6 31. Rg1+ Kh7 32. Bxe5 fxe5 33. Rxd8 Rxd8 34. Rg5 Rf8 35. Ke2 e4 36. Kf2 f4 37. Rg4 fxe3+ 38. Kxe3 Rf3+ 39. Kxe4 Rf2 40. a4 Rb2 41. Rg3 Rh2 42. Ke5 Rxh4 43. Kd6 c5 44. Kc7 Rd4 45. Kc6 Rd2 46. a5 bxa5 47. Kxc5 Ra2 48. Kb5 Ra1 49. c5 Ra2 50. c6 Rc2 51. Rg5 Rc3 52. Rc5 a6+ 53. Kb6 Rxb3+ 54. Kxa5 Ra3+ 55. Kb4 Ra1 56. c7 Rb1+ 57. Ka5 Ra1+ 58. Kb6 Rb1+ 59. Ka7 a5 60. c8Q a4 61. Qf5+ Kg7 62. Rc7+ Kg8 63. Qc8# 1-0

[Event "IRI-ch U12"]
[Site "Chess.com INT"]
[Date "2021.01.16"]
[Round "10"]
[White "Azimnejad, Kiyarash"]
[Black "Hoseini, Arsam"]
[Result "1-0"]
[WhiteElo "1414"]
[BlackElo "1101"]
[PlyCount "77"]
[EventDate "2021.01.16"]
[EventType "swiss"]
[EventRounds "11"]
[EventCountry "IRI"]
[SourceTitle "EXT 2022"]
[Source "ChessBase"]
[SourceDate "2021.10.06"]
[SourceVersion "1"]
[SourceVersionDate "2021.10.06"]
[SourceQuality "1"]

1. d4 d5 2. Bf4 Bf5 3. e3 a6 4. Bd3 Bg6 5. Nf3 Nf6 6. c4 dxc4 7. Bxc4 e6 8. Nc3 Bb4 9. 0-0 Bxc3 10. bxc3 Ne4 11. Qb3 b5 12. Be2 Nc6 13. Rfd1 Qd5 14. c4 bxc4 15. Bxc4 Qd7 16. d5 Na5 17. dxe6 Qc6 18. Bd5 Nxb3 19. Bxc6+ Ke7 20. axb3 Rab8 21. exf7 Kxf7 22. Ne5+ Kf6 23. Nd7+ Ke6 24. Nxb8 Rxb8 25. Bd5+ Kf6 26. Bxe4 Bxe4 27. Rxa6+ Kf7 28. Rd7+ Ke8 29. Rxc7 Rxb3 30. h3 Rb1+ 31. Kh2 Rb2 32. Re6+ Kd8 33. Rxe4 Rxf2 34. Rd4+ Ke8 35. Rxg7 h5 36. Ra4 Kf8 37. Rc7 Rd2 38. Ra8+ Rd8 39. Rxd8# 1-0

[Event "IRI-ch U12"]
[Site "Chess.com INT"]
[Date "2021.01.16"]
[Round "5"]
[White "Elhamiamiri, Sepehr"]
[Black "Azimnejad, Kiyarash"]
[Result "0-1"]
[WhiteElo "1190"]
[BlackElo "1414"]
[PlyCount "128"]
[EventDate "2021.01.16"]
[EventType "swiss"]
[EventRounds "11"]
[EventCountry "IRI"]
[SourceTitle "EXT 2022"]
[Source "ChessBase"]
[SourceDate "2021.10.06"]
[SourceVersion "1"]
[SourceVersionDate "2021.10.06"]
[SourceQuality "1"]

1. d4 Nf6 2. Nf3 g6 3. Bf4 Bg7 4. e3 0-0 5. c3 d5 6. Bd3 Nbd7 7. Nbd2 e6 8. Ne5 c5 9. Bg3 b6 10. f4 Bb7 11. Bh4 Qc7 12. 0-0 Rac8 13. Rf3 Ne4 14. Qc2 f5 15. Rh3 cxd4 16. exd4 Nxe5 17. fxe5 a6 18. Rf1 b5 19. Nb3 b4 20. Bxe4 dxe4 21. Nc5 Rfe8 22. Qb3 Bd5 23. c4 Bc6 24. Nxa6 Qb6 25. Nc5 Bf8 26. Bf2 Bxc5 27. dxc5 Qb7 28. Qe3 Red8 29. Bh4 Rd3 30. Qh6 Rxh3 31. gxh3 Rc7 32. Bf6 Rd7 33. h4 Rd3 34. h5 Qf7 35. h4 gxh5 36. Kh2 Qg6 37. Rg1 Qxg1+ 38. Kxg1 Rg3+ 39. Kf2 Rg4 40. Bg5 e3+ 41. Kxe3 Re4+ 42. Kd3 Bd7 43. Qf6 Be8 44. Qxe6+ Bf7 45. Qc8+ Kg7 46. Qxf5 Rg4 47. Bf6+ Kf8 48. Qxh7 Bg6+ 49. Qxg6 Rxg6 50. Kc2 Rg3 51. Bg5 Ke8 52. e6 Rg4 53. Kd3 Rg3+ 54. Kd4 Rg4+ 55. Ke3 Rxc4 56. e7 Rxc5 57. Kd4 Ra5 58. a3 bxa3 59. bxa3 Rxa3 60. Ke5 Ra6 61. Kf5 Rc6 62. Bf6 Rd6 63. Kg5 Ra6 64. Kg6 Ra5 0-1

[Event "IRI-ch U12"]
[Site "Chess.com INT"]
[Date "2021.01.16"]
[Round "7"]
[White "Jahanbakhshi, Ilya"]
[Black "Azimnejad, Kiyarash"]
[Result "0-1"]
[WhiteElo "1111"]
[BlackElo "1414"]
[PlyCount "86"]
[EventDate "2021.01.16"]
[EventType "swiss"]
[EventRounds "11"]
[EventCountry "IRI"]
[SourceTitle "EXT 2022"]
[Source "ChessBase"]
[SourceDate "2021.10.06"]
[SourceVersion "1"]
[SourceVersionDate "2021.10.06"]
[SourceQuality "1"]

1. e4 e6 2. d4 d5 3. e5 c5 4. Nf3 Nc6 5. Be3 Qb6 6. dxc5 Bxc5 7. Bxc5 Qxc5 8. Nc3 Nge7 9. Bd3 h6 10. Qd2 Bd7 11. Nb5 0-0 12. 0-0 Nxe5 13. Nxe5 Bxb5 14. b4 Qb6 15. Bxb5 Qxb5 16. a4 Qa6 17. c4 Qd6 18. Rfe1 Rfd8 19. Rad1 Qc7 20. c5 Nc6 21. Nxc6 bxc6 22. Re3 a5 23. Rg3 Kh7 24. Qd3+ f5 25. Re1 Qf7 26. Rge3 Re8 27. Qe2 axb4 28. Qc2 g6 29. Qb3 Rab8 30. a5 Rb5 31. Ra1 Ra8 32. a6 Rxc5 33. Qxb4 Rb5 34. Qd6 Rb6 35. Rea3 Kg7 36. Qe5+ Kh7 37. Qd6 Ra7 38. Qc5 Qc7 39. Qc3 Qc8 40. Qc5 Qb8 41. Qc3 Rb1+ 42. Rxb1 Qxb1+ 43. Qe1 Qxe1# 0-1